000 01606cam a2200397Ia 4500
001 694369981
003 OCoLC
005 20180630202849.0
008 101227s2010 nyua j 000 1 spa d
020 _a9780545239851 (pbk.)
020 _a0545239850 (pbk.)
035 _a(OCoLC)694369981
040 _aJJJ
_cJJJ
_dJJJ
_dZGH
_dFIU
_dCoBoFLC
041 1 _aspa
_heng
100 1 _aCrowne, Alyssa,
_d1965-
245 1 3 _aLa princesa rosada manda en la escuela /
_cAlyssa Crowne ; ilustrado por Charlotte Alder ; [translated by Maria Cristina Chang]
260 _aNew York :
_bScholastic Inc.,
_c2010.
300 _a68 p. :
_bcol. ill. ;
_c20 cm.
440 0 _aPrincesas perfectas ;
_v1.
500 _a"Scholastic en espanol" -- Cover.
500 _aOriginally published in English as Pink princess rules the school.
500 _aIn Spanish.
500 _aIncludes excerpt from: La princesa morada gana el premio.
500 _aJuliet Henry is planning a party for her seventh birthday, and she wants to invite only girls and have everything pink, from the food to the outfits. But the boys in her class don't want to be left out of the fun. Will they spoil the pink princess party?
650 0 _aBirthday parties
_vJuvenile fiction.
650 0 _aPink
_vJuvenile fiction.
650 0 _aGirls
_vJuvenile fiction.
650 0 _aSchoolboys
_vJuvenile fiction.
650 1 _aBirthday parties
_vFiction.
650 1 _aPink
_vFiction.
650 1 _aGirls
_vFiction.
650 1 _aBoys
_vFiction.
700 1 _aChang, Maria Cristina.
_etr.
700 1 _aAlder, Charlotte,
_eill.
942 _cBK
_2ddc
999 _c21081
_d21081